Ein neues Sicherheitsgesetz für Bayern

Saved in:  
Bibliographic Details
Main Author: Sommer, Dagmar 1966- (Author)
Format: Print Book
Language:German
Published: [Erscheinungsort nicht ermittelbar] 1995 [erschienen] 1996
In:Year: 1996
Check availability: HBZ Gateway
Subito Delivery Service: Order now.
Keywords:

MARC

LEADER 00000cam a22000002c 4500
001 1521998272
003 DE-627
005 20260206194510.0
007 tu
008 151116s1996 gw ||||| m 00| ||ger c
035 |a (DE-627)1521998272 
035 |a (DE-603)048820490 
035 |a (DE-576)451998278 
035 |a (DE-599)BSZ451998278 
035 |a (OCoLC)613520552 
040 |a DE-627  |b ger  |c DE-627  |e rakwb 
041 |a ger 
044 |c XA-DE-BY 
084 |a 19  |a 20  |2 sdnb 
084 |a PN 359  |2 rvk  |0 (DE-625)rvk/137441: 
100 1 |8 1\p  |a Sommer, Dagmar  |d 1966-  |0 (DE-588)1145958788  |0 (DE-627)1005767939  |0 (DE-576)175268835  |4 aut 
109 |a Sommer, Dagmar 1966- 
245 1 4 |a Ein neues Sicherheitsgesetz für Bayern 
264 1 |a [Erscheinungsort nicht ermittelbar]  |c 1995 [erschienen] 1996 
336 |a Text  |b txt  |2 rdacontent 
337 |a ohne Hilfsmittel zu benutzen  |b n  |2 rdamedia 
338 |a Band  |b nc  |2 rdacarrier 
502 |a Würzburg, Univ., Diss. jur., 1996 
583 1 |a Archivierung prüfen  |c 20200919  |f DE-640  |z 1  |2 pdager 
655 7 |a Hochschulschrift  |0 (DE-588)4113937-9  |0 (DE-627)105825778  |0 (DE-576)209480580  |2 gnd-content 
689 0 0 |d g  |0 (DE-588)4005044-0  |0 (DE-627)106383221  |0 (DE-576)208858954  |a Bayern  |2 gnd 
689 0 1 |d s  |0 (DE-588)4128511-6  |0 (DE-627)105716820  |0 (DE-576)209602716  |a Sicherheit und Ordnung  |2 gnd 
689 0 2 |d s  |0 (DE-588)4133316-0  |0 (DE-627)105681075  |0 (DE-576)209642890  |a Rechtsform  |2 gnd 
689 0 |5 DE-101 
883 |8 1\p  |a cgwrk  |d 20241001  |q DE-101  |u https://d-nb.info/provenance/plan#cgwrk 
935 |h HEB  |i 0501 
935 |h HEB  |i 0503 
936 r v |a PN 359  |b Einzeldarstellungen  |k Rechtswissenschaft  |k Verwaltungswissenschaften und Verwaltungsrecht  |k Besonderes Verwaltungsrecht  |k Recht der öffentlichen Sicherheit und Ordnung  |k Das materielle Recht der öffentlichen Sicherheit und Ordnung der Bundesländer  |k Bayern  |k Einzeldarstellungen  |0 (DE-627)1271678624  |0 (DE-625)rvk/137441:  |0 (DE-576)201678624 
936 s n |a p100  |2 mzub 
936 s n |a m100  |2 mzub 
951 |a BO 
ELC |b 1 
LOK |0 000 xxxxxcx a22 zn 4500 
LOK |0 001 2873271302 
LOK |0 003 DE-627 
LOK |0 004 1521998272 
LOK |0 005 20151116135128 
LOK |0 008 150728||||||||||||||||ger||||||| 
LOK |0 035   |a (DE-21-110)kd51657 
LOK |0 040   |a DE-21-110  |c DE-627  |d DE-21-110 
LOK |0 689   |a s  |a Polizeirecht 
LOK |0 852   |z Kein Bestand am IfK; Nachweis für KrimDok 
LOK |0 852   |a DE-21-110 
LOK |0 852 1  |9 00 
LOK |0 935   |a k110 
LOK |0 939   |a 28-07-15  |b l01 
ORI |a SA-MARC-krimdoka001.raw